<?xml version="1.0" encoding="UTF-8"?>
<record
    xmlns:xsi="http://www.w3.org/2001/XMLSchema-instance"
    xsi:schemaLocation="http://www.loc.gov/MARC21/slim http://www.loc.gov/standards/marcxml/schema/MARC21slim.xsd"
    xmlns="http://www.loc.gov/MARC21/slim">

  <leader>02772nab a2200277uuc4500</leader>
  <controlfield tag="001">1388679</controlfield>
  <controlfield tag="005">20240202120617.0</controlfield>
  <controlfield tag="007">cr|||||||</controlfield>
  <controlfield tag="008">141017                             spa  </controlfield>
  <datafield tag="035" ind1=" " ind2=" ">
    <subfield code="a">1388679</subfield>
  </datafield>
  <datafield tag="040" ind1=" " ind2=" ">
    <subfield code="c">comduadb</subfield>
  </datafield>
  <datafield tag="041" ind1=" " ind2=" ">
    <subfield code="a">spa</subfield>
  </datafield>
  <datafield tag="100" ind1="1" ind2="0">
    <subfield code="a">Soria, Selene</subfield>
    <subfield code="4">aut</subfield>
    <subfield code="e">aut</subfield>
    <subfield code="9">683586</subfield>
  </datafield>
  <datafield tag="245" ind1="1" ind2="0">
    <subfield code="a">Elaboraci&#xF3;n de una herramienta para la estimaci&#xF3;n del riesgo de mortalidad a corto y medio plazo tras el alta de una unidad de hospitalizaci&#xF3;n de agudos de geriatr&#xED;a</subfield>
  </datafield>
  <datafield tag="520" ind1="3" ind2=" ">
    <subfield code="a">Objetivo Desarrollar un &#xED;ndice capaz de estimar el riesgo individual de muerte a los 6 meses y un a&#xF1;o, de los pacientes dados de alta de una Unidad de Agudos de Geriatr&#xED;a. Metodolog&#xED;a y an&#xE1;lisis Estudio cohorte, prospectivo. Pacientes mayores de 70 a&#xF1;os que ingresaron en una Unidad de Agudos de Geriatr&#xED;a y sobrevivieron al alta hospitalaria. El &#xED;ndice se construir&#xE1; con el 75% de la muestra obtenida de forma aleatorizada y se validar&#xE1; con el 25% restante. La variable dependiente es la mortalidad a los 6 y 12 meses del alta hospitalaria. Las variables independientes incluyen datos sociodemogr&#xE1;ficos, estado funcional, comorbilidades, caracter&#xED;sticas cl&#xED;nicas y de laboratorio. Se utiliza el modelo de regresi&#xF3;n log&#xED;stica multivariante para analizar la relaci&#xF3;n entre los factores de riesgo y mortalidad. Para construir el &#xED;ndice, la puntuaci&#xF3;n de cada factor de riesgo se determinar&#xE1; dividiendo cada coeficiente beta por el menor, y la puntuaci&#xF3;n de riesgo de cada paciente se har&#xE1; sumando los puntos de cada factor. La precisi&#xF3;n de este modelo predictivo se analizar&#xE1; comparando la mortalidad predicha versus la observada en la poblaci&#xF3;n de validaci&#xF3;n y calculando el &#xE1;rea bajo las curvas ROC tanto en la poblaci&#xF3;n de construcci&#xF3;n del &#xED;ndice como en la validaci&#xF3;n. Conclusiones El &#xED;ndice predictor de mortalidad desarrollado nos permitir&#xE1; estimar de forma sencilla el riesgo individual de fallecer a los 6 y 12 meses siguientes al alta de una Unidad de Agudos de Geriatr&#xED;a, con la finalidad de establecer planes de cuidados e individualizar tratamientos, seg&#xFA;n los objetivos realistas.</subfield>
  </datafield>
  <datafield tag="650" ind1=" " ind2=" ">
    <subfield code="a">Alta del paciente</subfield>
    <subfield code="9">57569</subfield>
  </datafield>
  <datafield tag="650" ind1=" " ind2=" ">
    <subfield code="a">Ancianos hospitalizados</subfield>
    <subfield code="9">211706</subfield>
  </datafield>
  <datafield tag="650" ind1=" " ind2="7">
    <subfield code="a">Mortalidad</subfield>
    <subfield code="2">lemb</subfield>
    <subfield code="9">6283</subfield>
  </datafield>
  <datafield tag="700" ind1="1" ind2="0">
    <subfield code="a">Gallego Gonz&#xE1;lez, Eva</subfield>
    <subfield code="4">aut</subfield>
    <subfield code="e">aut</subfield>
    <subfield code="9">710228</subfield>
  </datafield>
  <datafield tag="700" ind1="1" ind2="0">
    <subfield code="a">Vid&#xE1;n, Maite</subfield>
    <subfield code="4">aut</subfield>
    <subfield code="e">aut</subfield>
    <subfield code="9">698251</subfield>
  </datafield>
  <datafield tag="700" ind1="1" ind2="0">
    <subfield code="a">Ortiz, Javier</subfield>
    <subfield code="4">aut</subfield>
    <subfield code="e">aut</subfield>
    <subfield code="9">400964</subfield>
  </datafield>
  <datafield tag="700" ind1="1" ind2="0">
    <subfield code="a">Serra Rexach, Jos&#xE9; Antonio</subfield>
    <subfield code="4">aut</subfield>
    <subfield code="e">aut</subfield>
    <subfield code="9">717960</subfield>
  </datafield>
  <datafield tag="773" ind1="0" ind2=" ">
    <subfield code="t">Revista Espa&#xF1;ola de Geriatr&#xED;a y Gerontolog&#xED;a (Espa&#xF1;a)</subfield>
    <subfield code="g">Vol. 49. N&#xFA;m. 05. Septiembre 2014 - Octubre 2014, p. 223-227</subfield>
    <subfield code="w">1362608</subfield>
    <subfield code="0">678480</subfield>
  </datafield>
  <datafield tag="856" ind1="4" ind2=" ">
    <subfield code="u">https://aplicacionesbiblioteca.udea.edu.co:2629/#!/browse/toc/1-s2.0-S0211139X14X00053/null/journalIssue</subfield>
  </datafield>
  <datafield tag="942" ind1=" " ind2=" ">
    <subfield code="c">ARIMP</subfield>
  </datafield>
  <datafield tag="999" ind1=" " ind2=" ">
    <subfield code="c">702064</subfield>
    <subfield code="d">702064</subfield>
  </datafield>
</record>
